00304nam a2200121Ia 4500008004100000082001300041100001600054245002300070260005300093300000800146942001300154999001500167150201s2008 xx 000 0 und d a657bSIN aSinghal,A.K aCompany accounting bJBC Publishers and DistributorsaNew Delhic2008 aVp. 2ddccFCM c6335d6335